| 000 | 00957nam a2200253Ia 4500 | ||
|---|---|---|---|
| 008 | 130821s2005 ag gr spa | ||
| 020 | _a9507864911 | ||
| 040 |
_aCo-BoUCM _bspa |
||
| 041 | 0 | 0 | _aspa |
| 245 | 0 | 0 |
_aDrogas y democracia en América Latina el impacto de la política de Estados Unidos _cColetta A. Youngers y Eileen Rosin, editoras |
| 260 |
_aBuenos Aires (Argentina) _bEditorial Biblos _c2005 |
||
| 300 | _a493 páginas | ||
| 490 | _aPolítica Internacional | ||
| 504 | _aIncluye bibliografía | ||
| 650 | 0 | 4 |
_aDemocracia _zAmérica Latina _912622 |
| 650 | 0 | 4 |
_aNarcotráfico _zAmérica Latina _9103936 |
| 650 | 0 | 4 |
_aProblemas sociales _922324 |
| 650 | 0 | 4 |
_aViolencia y narcotráfico _zAmérica Latina _926292 |
| 700 | 1 |
_aBossio, Enrique _etrad. _9164442 |
|
| 700 | 1 |
_aRosin, Eileen _eed. _9164443 |
|
| 700 | 1 |
_aYoungers, Coletta A. _eed. _9164444 |
|
| 942 |
_cLIBRO _a6 _e1 _mD784 _2DEWEY _h363.458 |
||
| 999 |
_c57535 _d57535 |
||